| 000 | 00621nam a2200205 a 4500 | ||
|---|---|---|---|
| 005 | 20140310183526.0 | ||
| 008 | 110818s19uu xx 00 eng d | ||
| 020 | _a9710489824 | ||
| 050 |
_aKPM 856 _b.So68 2011 |
||
| 100 | _aSoriano, Fidelito R. | ||
| 245 |
_aObligations and contracts : _cFidelito R. Soriano. _blaws and application / |
||
| 250 | _a2011 ed. | ||
| 260 |
_aManila, Philippines : _bGIC Enterpises & Co., Inc, _c2011. |
||
| 300 |
_a454 p. : _c22 cm. |
||
| 521 | _aBSBA | ||
| 650 | _aObligations (law) - Philippines. | ||
| 650 | _aContracts - Philippines. | ||
| 942 |
_cBK _2lcc _kLOC |
||
| 999 |
_c24513 _d24513 |
||